Almost Useless Marvel Trivia Quiz Stats

 Plays Quiz Updated Jun 14, 2019

Score 0/30 Timer 05:00
3 Plays Today
Question Answer % Correct
Nick Fury is a leading agent for what espionage agency?S.H.I.E.L.D.
90.9%
Black Panther hails from what fictional African nation?Wakanda
90.6%
What kind of radiation turned Bruce Banner into the Hulk?Gamma rays
88.5%
What character runs a 'School for Gifted Youngsters'?Professor X
85.3%
Which heroine is the twin sister of Quicksilver?Scarlet Witch
81.2%
Which antihero is known as the 'Merc with a Mouth'?Deadpool
79.2%
Whose catchphrase is 'It's clobberin' time'?The Thing
78.3%
What symbiotic entity debuted in Amazing Spider-Man #252?Venom
77%
Dormammu is primarily an enemy of which Marvel hero?Dr. Strange
75.4%
Which major villain hails from Saturn's moon of Titan?Thanos
75.2%
Wesley Snipes played what Marvel character in a film trilogy?Blade
74.4%
X-Men member Colossus hails from what country?Russia
73.2%
What metal alloy is bonded to Wolverine's skeleton?Adamantium
71.6%
Who was the Brotherhood of Mutants' founder/original leader?Magneto
68.9%
Who portrayed Gamora in 2014's Guardians of the Galaxy?Zoe Saldana
66.3%
Question Answer % Correct
Cate Blanchett portrayed which villain in Thor: Ragnarok?Hela
66.2%
The Green Goblin killed which love interest of Peter Parker?Gwen Stacy
63.1%
Which heroine runs Alias Investigations in a series for Netflix?Jessica Jones
61.3%
Name any member of the original Sinister Six.Sandman
61.1%
What is the alter ego of the superhero Daredevil?Matt Murdock
55.7%
What supervillain rules the nation of Latveria?Dr. Doom
55.2%
Which cosmic entity is known as the Devourer of Worlds?Galactus
53.3%
Which hero is bound to a demon called Spirit of Vengeance?Ghost Rider
52.4%
Which character is known for the 'bamf' teleportation sound?Nightcrawler
48.2%
Who was the only female in the original Avengers lineup?Wasp
46%
What serum transformed Steve Rogers into Captain America?Super-Soldier
45.3%
Which mutant is a clone/adopted daughter of Wolverine?X-23
43.1%
Cable & Warpath were founding members of what hero team?X-Force
39%
Norrin Radd is better known by what superhero name?Silver Surfer
35.7%
Which villain derives his power from 10 alien rings?The Mandarin
35.2%

You're not logged in!

Compare scores with friends on all Sporcle quizzes.
OR
Log In

Sporcle TV

Today on Sporcle TV


Watch our educational content, quiz creation guides, and fun videos on Sporcle TV.

Show Comments

Extras

Top Quizzes Today


Score Distribution

Your Account Isn't Verified!

In order to create a playlist on Sporcle, you need to verify the email address you used during registration. Go to your Sporcle Settings to finish the process.

Report this User

Report this user for behavior that violates our Community Guidelines.

Details: